000 01196cam a2200289 i 4500
001 zz2007930536
003 NUKAT
005 20260407104756.0
008 071002s1953 pl a f |000 0 pol c
035 _a(OCoLC)749988387
035 _a(NUKAT)zz2007930536
040 _aKIEL 010/KZ
_bpol
_erda
_cKIEL 010/KZ
_dKIEL 010/KZ
_dKIEL 010/HLs
_dOLSZT 008/sp
041 1 _apol
_hrus
100 1 _aLenin, Vladimir Ilʹič
_d(1870-1924).
_eAutor
_928927
245 1 0 _aDzieła.
_nT. 26,
_pWrzesień 1917 - luty 1918 /
_cW. I. Lenin.
246 3 0 _aWrzesień 1917 - luty 1918
260 _aWarszawa :
_bKsiążka i Wiedza,
_c1953.
300 _aIX, 593, [1] strona :
_bilustracje ;
_c20 cm.
336 _aTekst
_btxt
_2rdacontent
337 _aBez urządzenia pośredniczącego
_bn
_2rdamedia
338 _aWolumin
_bnc
_2rdacarrier
500 _aPrzekład z czwartego wydania rosyjskiego przygotowanego przez Instytut Marksa-Engelsa-Lenina przy KC WKP(b).
650 7 _aMarksizm-leninizm
_vźródła.
_2kaba
_934629
651 7 _aZwiązek Radziecki
_xpolityka i rządy
_y1917-1928.
_2kaba
_939281
710 2 _aSpółdzielnia Wydawniczo-Handlowa "Książka i Wiedza".
_eWydawca
_4pbl
_912450
942 _2ddc
_cBK_NM
999 _c27375
_d27375